Driving forces of design (Record no. 67561)

MARC details
000 -LEADER
fixed length control field 01076cam a2200229 4500
001 - CONTROL NUMBER
control field X113399
008 - FIXED-LENGTH DATA ELEMENTS--GENERAL INFORMATION
fixed length control field 000000n2001 000 0 eng u
035 ## - SYSTEM CONTROL NUMBER
System control number (Sirsi) u113399
100 ## - MAIN ENTRY--PERSONAL NAME
Personal name Seidl, A
245 ## - TITLE STATEMENT
Title Driving forces of design
260 ## - PUBLICATION, DISTRIBUTION, ETC.
Date of publication, distribution, etc. 2001
490 ## - SERIES STATEMENT
Series statement Estates Gazette
Volume/sequential designation (0125) 23 June 2001, 59-64(6)
520 ## - SUMMARY, ETC.
Summary, etc. Feature on the second EG Architecture Award which acknowledges developers of imaginative commercial architecture. The winner was developer Derwent Valley Holdings and architect Richard Rogers Partnership for the Broadwick House scheme, W1. Four commendations were awarded to the Argent Group for Brindleyplace, Birmingham; the Birmingham Mailbox for the Mailbox refurbishment; the Peabody Trust for its social housing schemes; and MBE Homes for Fashion and Pattern Streets, E1 and EC1.
650 ## - SUBJECT ADDED ENTRY--TOPICAL TERM
Topical term or geographic name entry element BUILT ENVIRONMENT
650 ## - SUBJECT ADDED ENTRY--TOPICAL TERM
Topical term or geographic name entry element ARCHITECTURE AWARDS
650 ## - SUBJECT ADDED ENTRY--TOPICAL TERM
Topical term or geographic name entry element ARCHITECTURAL DESIGN
650 ## - SUBJECT ADDED ENTRY--TOPICAL TERM
Topical term or geographic name entry element URBAN DESIGN
650 ## - SUBJECT ADDED ENTRY--TOPICAL TERM
Topical term or geographic name entry element ARCHITECTS
650 ## - SUBJECT ADDED ENTRY--TOPICAL TERM
Topical term or geographic name entry element DEVELOPERS
690 ## - LOCAL SUBJECT ADDED ENTRY--TOPICAL TERM (OCLC, RLIN)
Topical term or geographic name as entry element BUILT ENVIRONMENT-CONSTRUCTION DESIGN
942 ## - ADDED ENTRY ELEMENTS (KOHA)
Suppress in OPAC 0
Holdings
Withdrawn status Lost status Source of classification or shelving scheme Damaged status Not for loan Home library Current library Shelving location Date acquired Total Checkouts Full call number Barcode Date last seen Copy number Price effective from Koha item type
    Dewey Decimal Classification     London London Journal article 03/07/2001   X113399 113399-1001 06/08/2019 1 06/08/2019 Journal article